Statistics for NBA 2k21 all-time Atlanta Hawks

Click here to take the quiz!

General Stats

  • This quiz has been taken 170 times
  • The average score is 8 of 15

Answer Stats

OverallPlayer% Correct
95Dominique Wilkins
95%
88Trae Young
89%
95Bob Pettit
84%
85Al Horford
72%
92Dikembe Mutombo
70%
87Paul Millsap
61%
86Josh Smith
53%
87Steve Smith
52%
91Lou Hudson
44%
86Doc Rivers
43%
87Pete Maravich
39%
91Cliff Hagan
32%
84Tree Rollins
28%
87Kevin Willis
22%
88Joe Caldwell
9%

Score Distribution

Percentile by Number Answered

Percent of People with Each Score

Your Score History

You have not taken this quiz